| 000 | 00770nam a2200241Ia 4500 | ||
|---|---|---|---|
| 005 | 20250425162834.0 | ||
| 008 | 250425s9999 xx 000 0 und d | ||
| 020 | _a9781119629191 | ||
| 041 | _aeng | ||
| 082 |
_a658.4094 _pLEW |
||
| 100 | _aLewrick, Michael | ||
| 245 | 0 |
_aThe design thinking toolbox _ba guide to mastering the most popular and valuable innovation methods _cMichael Lewrick, Patrick Link, Larry Leifer. |
|
| 260 |
_aHoboken _bJohn Wiley & Sons _c2020 |
||
| 300 | _a309 páginas | ||
| 650 | _aCapacidad creativa en los negocios | ||
| 650 | _aCapacidad creativa en tecnología | ||
| 650 | _aGestión de proyectos | ||
| 650 | _aPensamiento creativo | ||
| 700 | _aLeifer, Larry | ||
| 700 | _aLink, Patrick | ||
| 942 | _c01 | ||
| 010 | _a112302 | ||
| 999 |
_c237470 _d237470 |
||